Análisis y simulación de los flujos del trabajo colaborativo en la planificación, diseño y ejecución de un modelo a escala reducida mediante la metodología BIM
Guardat en:
| Autor principal: | |
|---|---|
| Altres autors: | |
| Format: | Llibre |
| Idioma: | Spanish |
| Publicat: |
[San José], Costa Rica
2022.
|
| Matèries: | |
| Accés en línia: | https://cedi.ucr.ac.cr/civil/analisis-y-simulacion-de-los-flujos-del-trabajo-colaborativo-en-la-planificacion-diseno-y-ejecucion-de-un-modelo-a-escala-reducida-mediante-la-metodologia-bim/ |
| Etiquetes: |
Afegir etiqueta
Sense etiquetes, Sigues el primer a etiquetar aquest registre!
|
MARC
| LEADER | 00000nam a2200000Ia 4500 | ||
|---|---|---|---|
| 003 | 013421 | ||
| 005 | 20230705152123.0 | ||
| 008 | 140116s2022 cr a 000 ||spa d | ||
| 040 | |c cru CEDI | ||
| 100 | |a Casanova Treto, Pedro, 1975- |d Director del TFG |9 173 | ||
| 245 | |a Análisis y simulación de los flujos del trabajo colaborativo en la planificación, diseño y ejecución de un modelo a escala reducida mediante la metodología BIM | ||
| 260 | |a [San José], Costa Rica |c 2022. | ||
| 500 | |a Proyecto de graduación (licenciatura en ingeniería civil)--Universidad de Costa Rica. Facultad de Ingeniería. Escuela de Ingeniería Civil | ||
| 501 | |a Director de proyecto de Graduación: Erick Mata Abdelnour, PhD | ||
| 650 | |x GRUPOS DE TRABAJO |x MODELADO DE INFORMACION DE CONSTRUCCION |x CONSTRUCCION - SIMULACION POR COMPUTADORA | ||
| 700 | |a Mata Abdelnour, Erick, 1973- |d Director del TFG |9 168 | ||
| 856 | |u https://cedi.ucr.ac.cr/civil/analisis-y-simulacion-de-los-flujos-del-trabajo-colaborativo-en-la-planificacion-diseno-y-ejecucion-de-un-modelo-a-escala-reducida-mediante-la-metodologia-bim/ |y https://cedi.ucr.ac.cr/civil/analisis-y-simulacion-de-los-flujos-del-trabajo-colaborativo-en-la-planificacion-diseno-y-ejecucion-de-un-modelo-a-escala-reducida-mediante-la-metodologia-bim/ | ||
| 942 | |c CEDI |h TFG 8572 |2 ddc |6 TFG_8572_000000000000000 | ||
| 999 | |c 21923 |d 21923 | ||
